
Library Catalogue

| 000 -LEADER | |
|---|---|
| fixed length control field | 01701cam a2200265 i 4500 |
| 001 - CONTROL NUMBER | |
| control field | 19575270 |
| 005 - DATE AND TIME OF LATEST TRANSACTION | |
| control field | 20260202114140.0 |
| 008 - FIXED-LENGTH DATA ELEMENTS--GENERAL INFORMATION | |
| fixed length control field | 170208s2017 ii b 001 0 eng d |
| 010 ## - LIBRARY OF CONGRESS CONTROL NUMBER | |
| LC control number | 2016363227 |
| 020 ## - INTERNATIONAL STANDARD BOOK NUMBER | |
| International Standard Book Number | 9788171773176 |
| Qualifying information | (hbk.) |
| 020 ## - INTERNATIONAL STANDARD BOOK NUMBER | |
| International Standard Book Number | 8171773176 |
| Qualifying information | (hbk.) |
| 082 ## - DEWEY DECIMAL CLASSIFICATION NUMBER | |
| Classification number | 346.048 SIN |
| 100 1# - MAIN ENTRY--PERSONAL NAME | |
| Personal name | Singh, Vandana |
| 245 14 - TITLE STATEMENT | |
| Title | The law of geographical indications : |
| Remainder of title | rising above the horizon / |
| Statement of responsibility, etc. | Vandana Singh. |
| 264 #1 - PRODUCTION, PUBLICATION, DISTRIBUTION, MANUFACTURE, AND COPYRIGHT NOTICE | |
| Place of production, publication, distribution, manufacture | Kolkata : |
| Name of producer, publisher, distributor, manufacturer | Eastern Law House, |
| Date of production, publication, distribution, manufacture, or copyright notice | 2017. |
| 300 ## - PHYSICAL DESCRIPTION | |
| Extent | 558 p. ; |
| Dimensions | 23 cm. |
| 505 ## - FORMATTED CONTENTS NOTE | |
| Formatted contents note | Part One International Laws on Geographical Indications Chapter 1. Geographical Indications-An Overview Chapter 2. Definition of Geographical Indications Chapter 3. Protection of Geographical Indications Chapter 4. International Regime of Geographical Indications Chapter 5. TRIPs and Geographical Indications Chapter 6. Protection of Geographical Indications in other Economy Part Two Law on Geographical Indications in Indian Chapter 7. Need to protect Geographical Indications An Indian Prespective Chapter 8. The Registrar and conditions for Registration Chapter 9. Procedure for Registration Chapter 10.Effect of Registration Chapter 11.Appeals Chapter 12.Remedies and Penalties for Infringement and other offences Chapter 13.Power of Registrar Chapter 14.Registered Geographical indications of India Chapter 15.Contemporary Issues Appendix |
| 650 #0 - SUBJECT ADDED ENTRY--TOPICAL TERM | |
| Topical term or geographic name entry element | Marks of origin |
| General subdivision | Law and legislation |
| Geographic subdivision | India. |
| 650 #0 - SUBJECT ADDED ENTRY--TOPICAL TERM | |
| Topical term or geographic name entry element | Intellectual property |
| Geographic subdivision | India. |
| 650 #0 - SUBJECT ADDED ENTRY--TOPICAL TERM | |
| Topical term or geographic name entry element | Foreign trade regulation |
| Geographic subdivision | India. |
| 650 #0 - SUBJECT ADDED ENTRY--TOPICAL TERM | |
| Topical term or geographic name entry element | Marks of origin |
| General subdivision | Law and legislation. |
| 650 #0 - SUBJECT ADDED ENTRY--TOPICAL TERM | |
| Topical term or geographic name entry element | Intellectual property (International law) |
| 650 #0 - SUBJECT ADDED ENTRY--TOPICAL TERM | |
| Topical term or geographic name entry element | Foreign trade regulation. |
| 942 ## - ADDED ENTRY ELEMENTS (KOHA) | |
| Source of classification or shelving scheme | Dewey Decimal Classification |
| Koha item type | BOOKs |
| Withdrawn status | Lost status | Damaged status | Not for loan | Collection code | Home library | Current library | Shelving location | Date acquired | Cost, normal purchase price | Total Checkouts | Total Renewals | Full call number | Barcode | Date last seen | Date last checked out | Price effective from | Koha item type |
|---|---|---|---|---|---|---|---|---|---|---|---|---|---|---|---|---|---|
| . | . | 05.11.2018 | 0.00 | 3 | 3 | 346.048 SIN | 35408 | 16.12.2023 | 15.12.2023 | 05.11.2018 | BOOKs |